Villes d'Europe commençant par A - Carte Quiz - Statistiques

Statistiques générales
  • Ce quiz a été pris 2 465 fois
  • Le résultat moyen est 16 sur 24
Réponses sur la Carte
Les réponses sont colorées sur une échelle allant du rouge au vert en fonction du pourcentage des utilisateurs qui les ont devinées à leur premier essai. Vous pouvez retrouver ces pourcentages ci-dessous.
 
Statistiques - réponses
Réponse % Correct
Ajaccio
91%
Andorre-la-Vieille
91%
Angers
90%
Amsterdam
89%
Athènes
87%
Amiens
85%
Avignon
83%
Anvers
81%
Alicante
78%
Aberdeen
67%
Aix-la-Chapelle
66%
Aoste
65%
Aveiro
64%
Augsbourg
63%
Ancône
56%
Azov
53%
Aalborg
52%
Ålesund
52%
Almería
52%
Arkhangelsk
50%
Appenzell
43%
Akureyri
34%
Alytus
33%
Arad
30%
Aucun quiz correspondant
Distribution des résultats
% des personnes avec chaque résultat
Percentile par nombre de réponses
Votre historique - résultats
Vous n’avez pas pris ce quiz